| 000 | 00538nam a2200217Ia 4500 | ||
|---|---|---|---|
| 003 | OSt | ||
| 005 | 20220928141111.0 | ||
| 006 | a|||||r|||| 00| 0 | ||
| 007 | ta | ||
| 008 | 220927b |||||||| |||| 00| 0 eng d | ||
| 024 | _a13716 | ||
| 037 | _cTheseses | ||
| 040 |
_aSDCL _cSDCL _beng |
||
| 041 |
_2eng _aeng |
||
| 082 | _aWvN, L2 | ||
| 100 |
_aKautsky John H _9466548 |
||
| 245 | 0 | _aPolitical consequences of modernization | |
| 260 | _c1972 | ||
| 942 |
_hWvN, L2 _cDIS _2CC |
||
| 999 |
_c816125 _d816125 |
||